01075nam a2200301Ia 450000500170000000800410001702000190005808200160007710000290009324500830012225000390020530000680024449000380031250000250035053400350037565000330041065000440044365100310048765100460051870000330056494200120059726400260060933600270063533700330066233800280069504000350072399900150075820220317001039.0160825s2008 sp a g 000 0 spa  a9788420637401204a949.52A73g1 aAsimov, Isaacd1920-199214aLos griegosbuna gran aventuracIsaac Asimov ; traducido por Néstor Míguez a1a. edición b7a. reimpresión  a329 páginas bilustraciones, mapas en blanco y negro c17 cm  aEl libro de bolsillophumanidades aIncluye cronología tThe greeks : A great adventure142LEMBaCivilización griega 142LEMB aRoma xVida social y costumbres  4aGrecia xHistoria 917227 4aGrecia xVida social y costumbres 9648641 aMíguez, Néstor A.964865 2ddccBK aMadridbAlianzac2008 atextobtxt2rdacontent asin mediaciónbn2rdamedia avolumenbnc2rdacarrier aCO-BoRNBPbspaerdacCO-BoRNBP c5780d5780